Titre MMZ - Statistiques

Statistiques générales
  • Ce quiz a été pris 221 fois
  • Le résultat moyen est 21 sur 58
Statistiques - réponses
Réponses % Correct
54 Bulma
80%
27 Ma bulle
69%
39 N'DA
69%
45 Tout pour le gang
67%
47 Au pied de ma tour
62%
43 Cocaina
56%
17 Ciaonara
55%
14 Capuché dans le club
52%
50 Genesis
52%
34 Orion
51%
53 Pandora
50%
25 Laisse les parler
49%
16 Zizou
48%
56 Loin des étoiles
45%
1 Valar morghulis
44%
44 Les ténèbres
43%
2 Manolo
43%
19 Babidi
38%
51 Amigo
37%
52 Millions
37%
46 Dans nos têtes
36%
4 Donne-moi ton coeur
36%
29 Off
36%
26 J'monte
35%
49 Les microbes
35%
3 Signal
35%
21 Tapion
35%
11 Benef
33%
24 Hit
33%
18 Bubble
32%
30 Frero
32%
5 Patrona
32%
57 Dernier souffle
31%
32 Ma 6-T j'vends
31%
38 Pardon
31%
58 Quelle vie
31%
15 Zen
31%
40 Coeur noir
30%
36 FMD
30%
48 En lélélé
29%
23 Winterfell
29%
22 Elle m'a vu
27%
8 John Gotti
27%
31 Khaleesi
27%
9 Nicky Larson
27%
41 Plein
27%
6 Koka
26%
55 Panama
26%
10 Sur la lune
26%
28 Payday
25%
7 Peace
24%
37 Sablier
24%
42 Sourire mito
24%
13 Pour la vie
20%
33 Chant des morts
19%
12 Gang Gang
19%
20 Comme un rêve
14%
35 Miroir Miroir
13%
Aucun quiz correspondant
Distribution des résultats
% des personnes avec chaque résultat
Percentile par nombre de réponses
Votre historique - résultats
Vous n’avez pas pris ce quiz